Arte Moderno (Record no. 45)

MARC details
000 -LEADER
campo de control de longitud fija 00869 a2200145 4500
082 ## - NÚMERO DE LA CLASIFICACIÓN DECIMAL DEWEY
Número de clasificación 759
Número de ítem P659a
110 ## - ENTRADA PRINCIPAL--NOMBRE DE ENTIDAD CORPORATIVA
Nombre de entidad corporativa o nombre de jurisdicción como elemento de entrada Viscontea Distribuidora SCA
9 (RLIN) 261
245 ## - MENCIÓN DEL TÍTULO
Título Arte Moderno
Resto del título El Futurismo
260 ## - PUBLICACIÓN, DISTRIBUCIÓN, ETC.
Lugar de publicación, distribución, etc. Buenos Aires, Argentina
Nombre del editor, distribuidor, etc. Viscontea Distribuidora SCA
Fecha de publicación, distribución, etc. 1977
300 ## - DESCRIPCIÓN FÍSICA
Extensión 112 p
Otras características físicas ill (a color)
Dimensiones 31.5 cm
440 ## - MENCIÓN DE SERIE/PUNTO DE ACCESO ADICIONAL--TÍTULO
Designación de volumen o secuencia Vol 1
9 (RLIN) 262
505 ## - NOTA DE CONTENIDO CON FORMATO
Título El Manifiesto del Futurismo y los pintores Futuristas, por Mauricio Calvesi
-- Boccioni y el Futurismo milanes, por Mauricio Calvesi
-- Dossier Cientifico
-- Antologia Critica
-- Fundacion y manifiesto del futurismo
-- Manifiesto de los pintores futuristas
-- La pintura futurista-Manifiesto tecnico
-- La escultura futurista
-- Indice de los nombres
-- Indice de las ilustraciones en color
-- Indice de las ilustraciones en negro
-- Notas
650 ## - PUNTO DE ACCESO ADICIONAL DE MATERIA--TÉRMINO DE MATERIA
Subdivisión general arte moderno
-- futurismo
-- arte-historia-siglo XX
9 (RLIN) 263
710 ## - ENTRADA AGREGADA--NOMBRE DE ENTIDAD CORPORATIVA
Nombre de entidad corporativa o nombre de jurisdicción como elemento de entrada Viscontea Distribuidora SCA
9 (RLIN) 264
Holdings
Estatus retirado Estado de pérdida Fuente del sistema de clasificación o colocación Estado de daño No para préstamo Biblioteca de origen Biblioteca actual Ubicación en estantería Fecha de adquisición Total de préstamos Signatura topográfica completa Código de barras Visto por última vez Precio de reemplazo Tipo de ítem Koha
    Clasificación Decimal Dewey     Biblioteca LadoV Biblioteca LadoV   07/04/2014   759 P659a 000061 07/04/2014 07/04/2014 Material 01